Países da Europa - Statistics

Estatísticas Gerais
  • Esse quiz foi jogado 89 vezes
  • A pontuação média é 14 de 15
Estatísticas das Respostas
Imagem Resposta % Correto
Portugal
100%
Espanha
99%
França
99%
Alemanha
97%
Grécia
96%
Noruega
96%
Reino Unido
96%
Suécia
95%
Dinamarca
93%
Finlândia
92%
Rússia
92%
Islândia
89%
Países Baixos
86%
Malta
84%
Luxemburgo
81%
Nenhum quiz correspondente encontrado
Distribuição das Pontuações
Porcentagem de Pessoas com Cada Pontuação
Percentil de Números Respondidos
Sua Pontuação Histórica
Você não jogou esse quiz